| 000 | 00496nam a22001577a 4500 | ||
|---|---|---|---|
| 020 | _qHard Cover. | ||
| 082 | _a658 | ||
| 100 | _aJanjua, Umer | ||
| 245 |
_aPerformance Management System and Training & Development at a Traditional Organization _cUmer Janjua. |
||
| 260 |
_aIslamabad: _bNBS-NUST, _c2015. |
||
| 300 |
_a67 p. : _bill. ; _c30cm. |
||
| 650 |
_aMBA-Thesis. _917629 |
||
| 700 |
_aDr. Asfia Obaid. _917675 |
||
| 942 |
_2ddc _cTHE |
||
| 999 |
_c532902 _d532902 |
||